Bytový dom

Saved in:
Bibliographic Details
Main Author: Stredák, Šimon (Author)
Other Authors: Chamulová, Barbara (Thesis advisor)
Format: Manuscript Book
Language:Slovak
Published: 2019
Subjects:
Online Access:http://is.stuba.sk/zp/portal_zp.pl?podrobnosti=153125
https://opac.crzp.sk/?fn=detailBiblioForm&sid=F8FE310152E9D1F1EB114441F7FB
Tags: Add Tag
No Tags, Be the first to tag this record!

MARC

LEADER 00000ntm a22000003a 4500
001 stuzp75329
003 SK-STU
005 20230609105650.8
007 ta
008 150427s2015----xo-----f-mn---000-0-slo-d
040 |a STU  |b slo 
041 0 |a slo 
100 1 |a Stredák, Šimon  |u 010270  |4 aut  |U SvF Stavebná fakulta  |T SvF Katedra technológie stavieb  |X 75741  |U V270  |Y 28  |7 75741 
242 0 1 |a Flat house  |y eng 
245 1 0 |a Bytový dom 
260 |c 2019 
650 4 |a Bytový dom  |2 slo 
650 4 |a Dokaflex  |2 slo 
650 4 |a Debnenie  |2 slo 
650 4 |a Stavenisko  |2 slo 
650 4 |a Dokaflex  |2 eng 
650 4 |a Form  |2 eng 
650 4 |a Site  |2 eng 
650 4 |a Flat house  |2 eng 
700 1 |a Chamulová, Barbara  |u 010270  |k Z1  |4 ths  |U SvF Stavebná fakulta  |T SvF Katedra technológie stavieb  |X 42510  |U V270  |Y 28  |7 A000042510 
856 4 |u http://is.stuba.sk/zp/portal_zp.pl?podrobnosti=153125 
856 4 |u https://opac.crzp.sk/?fn=detailBiblioForm&sid=F8FE310152E9D1F1EB114441F7FB